New Jersey Geography Quiz - Sudden Death - Statistics

General Stats
  • This quiz has been taken 468 times
  • The average score is 14 of 20
Answers on the Grid
Answers color-coded by a green-red scale on the quiz's grid according to % correct below.
Acadia National Park
Alberth Einstein House
Annapolis
Appalachian Mountains
Atlantic City
Atlantic Ocean
Block Island
Camden
Cape May
Cherry Hill
Chesapeake Bay
Cuyahoga River
Delaware Bay
Delaware River
Delmarva Peninsula
Elizabeth
Erie Canal
Garden State Parkway
Great Dismal Swamp
Hudson River
Jersey City
Lake Ontario
Long Island
Martha's Vineyard
Nantucket
Narragansett Bay
Newark
Ocean City
Ohio River
Outer Banks
Passaic River
Piscataway
Potomac River
Princeton
Raritan River
Rehoboth Beach
St. Lawrence River
Toronto
Trenton
Wilkes-Barre
 
Answer Stats
Answer % Correct
Atlantic City
94%
Atlantic Ocean
90%
Camden
86%
Jersey City
82%
Elizabeth
80%
Cape May
78%
Garden State Parkway
78%
Newark
78%
Cherry Hill
76%
Delaware River
74%
Princeton
74%
Trenton
74%
Piscataway
70%
Passaic River
68%
Hudson River
66%
Ocean City
62%
Raritan River
57%
Alberth Einstein House
54%
Appalachian Mountains
47%
Delaware Bay
47%
No matching quizzes found
Score Distribution
Percent of People with Each Score
Percentile by Number Answered
Your Score History
You have not taken this quiz